<?xml version="1.0" encoding="UTF-8"?>
<record
    xmlns:xsi="http://www.w3.org/2001/XMLSchema-instance"
    xsi:schemaLocation="http://www.loc.gov/MARC21/slim http://www.loc.gov/standards/marcxml/schema/MARC21slim.xsd"
    xmlns="http://www.loc.gov/MARC21/slim">

  <leader>01367nam0a22002651  4500</leader>
  <controlfield tag="001">rc\3124862</controlfield>
  <controlfield tag="005">20250530080841.0</controlfield>
  <datafield tag="021" ind1=" " ind2=" ">
    <subfield code="a">RU</subfield>
    <subfield code="b">[75-6971]</subfield>
  </datafield>
  <datafield tag="035" ind1=" " ind2=" ">
    <subfield code="a">(NLR Aleph) 007312906</subfield>
  </datafield>
  <datafield tag="090" ind1=" " ind2=" ">
    <subfield code="a">5828755</subfield>
    <subfield code="c">5828755</subfield>
  </datafield>
  <datafield tag="100" ind1=" " ind2=" ">
    <subfield code="a">20120615d1975    |||y0rusy50      ca</subfield>
  </datafield>
  <datafield tag="101" ind1="0" ind2=" ">
    <subfield code="a">rus</subfield>
  </datafield>
  <datafield tag="102" ind1=" " ind2=" ">
    <subfield code="a">RU</subfield>
  </datafield>
  <datafield tag="105" ind1=" " ind2=" ">
    <subfield code="a">a   z   |||||</subfield>
  </datafield>
  <datafield tag="200" ind1="1" ind2=" ">
    <subfield code="a">&#x41E;&#x445;&#x43E;&#x442;&#x43D;&#x438;&#x447;&#x44C;&#x435; &#x445;&#x43E;&#x437;&#x44F;&#x439;&#x441;&#x442;&#x432;&#x43E; &#x432; &#x438;&#x43D;&#x442;&#x435;&#x43D;&#x441;&#x438;&#x432;&#x43D;&#x43E;&#x43C; &#x43A;&#x43E;&#x43C;&#x43F;&#x43B;&#x435;&#x43A;&#x441;&#x43D;&#x43E;&#x43C; &#x43B;&#x435;&#x441;&#x43D;&#x43E;&#x43C; &#x445;&#x43E;&#x437;&#x44F;&#x439;&#x441;&#x442;&#x432;&#x435;</subfield>
    <subfield code="e">&#x422;&#x435;&#x437;&#x438;&#x441;&#x44B; &#x434;&#x43E;&#x43A;&#x43B;. &#x43A; &#x43D;&#x430;&#x443;&#x447;. &#x43A;&#x43E;&#x43D;&#x444;.</subfield>
    <subfield code="e">&#x42F;&#x43D;&#x432;. 1975 &#x433;.</subfield>
    <subfield code="f">[&#x420;&#x435;&#x434;. &#x43A;&#x43E;&#x43B;&#x43B;&#x435;&#x433;&#x438;&#x44F;: &#x41B;.&#x410;. &#x41A;&#x430;&#x439;&#x440;&#x44E;&#x43A;&#x448;&#x442;&#x438;&#x441; (&#x43F;&#x440;&#x435;&#x434;.) &#x438; &#x434;&#x440;.]</subfield>
    <subfield code="g">&#x421;&#x435;&#x43A;&#x446;&#x438;&#x44F; &#x43B;&#x435;&#x441;&#x43D;&#x43E;&#x433;&#x43E; &#x445;&#x43E;&#x437;-&#x432;&#x430; &#x417;&#x430;&#x43F;. &#x43E;&#x442;&#x434;-&#x43D;&#x438;&#x44F; &#x412;&#x441;&#x435;&#x441;&#x43E;&#x44E;&#x437;. &#x430;&#x43A;&#x430;&#x434;. &#x441;.-&#x445;. &#x43D;&#x430;&#x443;&#x43A; &#x438;&#x43C;. &#x412;.&#x418;. &#x41B;&#x435;&#x43D;&#x438;&#x43D;&#x430;. &#x41B;&#x438;&#x442;&#x43E;&#x432;. &#x43D;&#x430;&#x443;&#x447;.-&#x438;&#x441;&#x441;&#x43B;&#x435;&#x434;. &#x438;&#x43D;-&#x442; &#x43B;&#x435;&#x441;&#x43D;&#x43E;&#x433;&#x43E; &#x445;&#x43E;&#x437;-&#x432;&#x430;. &#x41A;&#x43E;&#x43C;. &#x43F;&#x43E; &#x43E;&#x445;&#x440;&#x430;&#x43D;&#x435; &#x43F;&#x440;&#x438;&#x440;&#x43E;&#x434;&#x44B; &#x43F;&#x440;&#x438; &#x421;&#x41C; &#x41B;&#x438;&#x442;&#x421;&#x421;&#x420; [&#x438; &#x434;&#x440;.]</subfield>
  </datafield>
  <datafield tag="210" ind1=" " ind2=" ">
    <subfield code="a">&#x41A;&#x430;&#x443;&#x43D;&#x430;&#x441;</subfield>
    <subfield code="c">&#x411;. &#x438;.</subfield>
    <subfield code="d">1975</subfield>
  </datafield>
  <datafield tag="215" ind1=" " ind2=" ">
    <subfield code="a">185 &#x441;.</subfield>
    <subfield code="c">&#x438;&#x43B;.</subfield>
    <subfield code="d">20</subfield>
  </datafield>
  <datafield tag="606" ind1=" " ind2=" ">
    <subfield code="a">&#x41B;&#x435;&#x441;&#x43E;&#x43E;&#x445;&#x43E;&#x442;&#x43D;&#x438;&#x447;&#x44C;&#x435; &#x445;&#x43E;&#x437;&#x44F;&#x439;&#x441;&#x442;&#x432;&#x43E;</subfield>
    <subfield code="j">&#x422;&#x435;&#x437;&#x438;&#x441;&#x44B; &#x434;&#x43E;&#x43A;&#x43B;&#x430;&#x434;&#x43E;&#x432;</subfield>
    <subfield code="2">psbo</subfield>
  </datafield>
  <datafield tag="702" ind1=" " ind2="1">
    <subfield code="a">&#x41A;&#x430;&#x439;&#x440;&#x44E;&#x43A;&#x448;&#x442;&#x438;&#x441;</subfield>
    <subfield code="b">&#x41B;.&#x410;.</subfield>
    <subfield code="g">&#x41B;&#x435;&#x43E;&#x43D;&#x430;&#x440;&#x434;&#x430;&#x441; &#x410;.</subfield>
    <subfield code="4">340</subfield>
    <subfield code="4">080</subfield>
  </datafield>
  <datafield tag="712" ind1="0" ind2="2">
    <subfield code="a">&#x41B;&#x438;&#x442;&#x43E;&#x432;&#x441;&#x43A;&#x438;&#x439; &#x43D;&#x430;&#x443;&#x447;.-&#x438;&#x441;&#x441;&#x43B;&#x435;&#x434;. &#x438;&#x43D;-&#x442; &#x43B;&#x435;&#x441;&#x43D;&#x43E;&#x433;&#x43E; &#x445;&#x43E;&#x437;-&#x432;&#x430; (&#x412;&#x438;&#x43B;&#x44C;&#x43D;&#x44E;&#x441;)</subfield>
  </datafield>
  <datafield tag="801" ind1=" " ind2="0">
    <subfield code="a">RU</subfield>
    <subfield code="b">NLR</subfield>
    <subfield code="g">psbo</subfield>
  </datafield>
  <datafield tag="801" ind1=" " ind2="1">
    <subfield code="a">RU</subfield>
    <subfield code="b">ELAR</subfield>
    <subfield code="2">rusmarc</subfield>
  </datafield>
  <datafield tag="852" ind1=" " ind2=" ">
    <subfield code="a">NLR</subfield>
    <subfield code="j">74-3/7057</subfield>
  </datafield>
  <datafield tag="942" ind1=" " ind2=" ">
    <subfield code="c">BOOK</subfield>
  </datafield>
  <datafield tag="980" ind1=" " ind2=" ">
    <subfield code="a">NB</subfield>
  </datafield>
  <datafield tag="995" ind1=" " ind2=" ">
    <subfield code="5">2013-10-26</subfield>
    <subfield code="b">NLR01</subfield>
    <subfield code="c">NLR01</subfield>
    <subfield code="e">RF91</subfield>
    <subfield code="f">7312906-10</subfield>
    <subfield code="k">74-3/7057</subfield>
    <subfield code="o">0</subfield>
    <subfield code="r">BOOK</subfield>
    <subfield code="s">7437057_</subfield>
  </datafield>
</record>
